000 00777nas a2200253 4500
001 BR6007933
003 BR-BrBNA
005 20231205082040.0
007 ta
008 230509b bl.|||p| |||| 00| 00por d
040 _aBR-BrBNA
_bpor
_cBiblioteca Nacional de Agricultura
041 _a(Pt)
072 _aH20
100 1 _aFerreira, F.A.
100 1 _aHodges, C.S.
100 1 _aReis, M.S.
245 1 _aA influencia do cancro basal causado por Diaporthe cubensis Bruner na brotacao de Eucalyptus spp [Espirito Santo; Brasil]
650 _aEUCALIPTO
650 _aCANCRO BASAL
650 _aFUNGO
773 0 _tBrasil Florestal (Brazil)
_xISSN 0045-270X
_g(Jan 1976), v. 7(25) p. 13-19
_wBR6007933
909 _a202311
_bLúcia
_c55
_dLúcia Elande
942 _2AGRIS
_n0
_cANA
999 _c88821
_d88821